Comparative syntax of balkan languages
Bewaard in:
| Hoofdauteur: | |
|---|---|
| Formaat: | Boek |
| Taal: | Undetermined |
| Gepubliceerd in: |
Oxford
University Press
2001
|
| Onderwerpen: | |
| Tags: |
Voeg label toe
Geen labels, Wees de eerste die dit record labelt!
|
| Thư viện lưu trữ: | Trung tâm Học liệu Trường Đại học Cần Thơ |
|---|
| LEADER | 00605nam a2200205Ia 4500 | ||
|---|---|---|---|
| 001 | CTU_88948 | ||
| 008 | 210402s9999 xx 000 0 und d | ||
| 020 | |c 560000 | ||
| 082 | |a 409.496 | ||
| 082 | |b R621 | ||
| 100 | |a Rivero, Maria Luisa | ||
| 245 | 0 | |a Comparative syntax of balkan languages | |
| 245 | 0 | |c Maria Luisa Rivero, Angela Ralli | |
| 260 | |a Oxford | ||
| 260 | |b University Press | ||
| 260 | |c 2001 | ||
| 650 | |a Balkan peninsula,Balkan peninsula | ||
| 650 | |x Languages,Syntax,Grammar, comparative,Languages | ||
| 904 | |i Năm | ||
| 980 | |a Trung tâm Học liệu Trường Đại học Cần Thơ | ||